Marianin návrat (Record no. 22269)
[ view plain ]
| 000 -LEADER | |
|---|---|
| fixed length control field | 01267nam a2200385 a 4500 |
| 001 - CONTROL NUMBER | |
| control field | 22269 |
| 003 - CONTROL NUMBER IDENTIFIER | |
| control field | VRT |
| 005 - DATE AND TIME OF LATEST TRANSACTION | |
| control field | 20260324155149.0 |
| 008 - FIXED-LENGTH DATA ELEMENTS--GENERAL INFORMATION | |
| fixed length control field | 980818s1997 xo a g 000 f slo c |
| 020 ## - INTERNATIONAL STANDARD BOOK NUMBER | |
| International Standard Book Number | 8088800072 (viaz.) |
| 035 ## - SYSTEM CONTROL NUMBER | |
| System control number | UKB000231823 |
| 039 #9 - LEVEL OF BIBLIOGRAPHIC CONTROL AND CODING DETAIL [OBSOLETE] | |
| Level of rules in bibliographic description | 202001211110 |
| Level of effort used to assign nonsubject heading access points | fuskovaz |
| Level of effort used to assign subject headings | 202001211109 |
| Level of effort used to assign classification | fuskovaz |
| Level of effort used to assign subject headings | 201905100946 |
| Level of effort used to assign classification | drlickoj |
| Level of effort used to assign subject headings | 201602111158 |
| Level of effort used to assign classification | izakovicm |
| 040 ## - CATALOGING SOURCE | |
| Original cataloging agency | BAA001 |
| Language of cataloging | slo |
| Transcribing agency | BAA001 |
| Description conventions | AACR2 |
| 041 1# - LANGUAGE CODE | |
| Language code of text/sound track or separate title | slo |
| Language code of original | fre |
| 044 ## - COUNTRY OF PUBLISHING/PRODUCING ENTITY CODE | |
| MARC country code | xo |
| ISO country code | SK |
| 080 ## - UNIVERSAL DECIMAL CLASSIFICATION NUMBER | |
| Universal Decimal Classification number | 840-311.6 |
| 100 1# - MAIN ENTRY--PERSONAL NAME | |
| Personal name | Benzoni, Juliette, |
| Dates associated with a name | 1920-2016 |
| 240 14 - UNIFORM TITLE | |
| Uniform title | Les lauriers de flammes. |
| Language of a work | Slovensky |
| 245 10 - TITLE STATEMENT | |
| Title | Marianin návrat |
| Statement of responsibility, etc. | Juliette Benzoniová ; [z franc. orig. prel. Vladimíra Komorovská ; ilustr. Kristína Šimková] |
| 250 ## - EDITION STATEMENT | |
| Edition statement | 1. vyd. |
| 260 ## - PUBLICATION, DISTRIBUTION, ETC. | |
| Place of publication, distribution, etc. | Bratislava |
| Name of publisher, distributor, etc. | Logos |
| Date of publication, distribution, etc. | 1997 |
| 300 ## - PHYSICAL DESCRIPTION | |
| Extent | 293, [1] s. |
| Other physical details | il. |
| 500 ## - GENERAL NOTE | |
| General note | Frontsp. |
| 530 ## - ADDITIONAL PHYSICAL FORM AVAILABLE NOTE | |
| Additional physical form available note | Dostupný aj zvukový záznam |
| 653 ## - INDEX TERM--UNCONTROLLED | |
| Uncontrolled term | 840-311.6 |
| 655 #7 - INDEX TERM--GENRE/FORM | |
| Genre/form data or focus term | francúzske romány |
| Source of term | UKBPH |
| 655 #7 - INDEX TERM--GENRE/FORM | |
| Genre/form data or focus term | historické romány |
| Source of term | UKBPH |
| 700 1# - ADDED ENTRY--PERSONAL NAME | |
| Personal name | Komorovská, Vladimíra |
| Relationship | trl |
| 700 1# - ADDED ENTRY--PERSONAL NAME | |
| Personal name | Šimková, Kristína |
| Relationship | ill |
| 776 0# - ADDITIONAL PHYSICAL FORM ENTRY | |
| Title | Mariannin návrat |
| Relationship information | [zvukový záznam] |
| 910 ## - USER-OPTION DATA (OCLC) | |
| User-option data | ukb |
| 942 ## - ADDED ENTRY ELEMENTS (KOHA) | |
| Source of classification or shelving scheme | Dewey Decimal Classification |
| Koha item type | Krásna literatúra pre dospelých |
| Suppress in OPAC | No |
| 949 ## - LOCAL PROCESSING INFORMATION (OCLC) | |
| 6 | 1800035113 |
| a | 30.D.74579 |
| b | PV.5143-98 |
| 949 ## - LOCAL PROCESSING INFORMATION (OCLC) | |
| 6 | 1800035114 |
| a | SL.D.29702 |
| b | PV.5144-98 |
| Stav vyradenia | Strata | Poškodenie | Spôsob nadobudnutia | Domovská knižnica | Aktuálna knižnica | Dátum nadobudnutia | Total checkouts | Čiarový kód exemplára | Date last seen | Typ exemplára |
|---|---|---|---|---|---|---|---|---|---|---|
| Dar | Obecná knižnica Horná Štubňa | Obecná knižnica Horná Štubňa | 24.03.2026 | 9788088800071 | 24.03.2026 | Krásna literatúra pre dospelých |
